Tennis - Le top 20 du classement ATP au 1er janvier 2025 - Statistiques

Statistiques générales
  • Ce quiz a été pris 37 fois
  • Le résultat moyen est 18 sur 20
Statistiques - réponses
Rang Joueur Pays Âge Points % Correct
2 Alexander Zverev Allemagne 27 7 915
100%
3 Carlos Alcaraz Espagne 21 7 010
100%
6 Casper Ruud Norvège 26 4 255
100%
13 Holger Rune Danemark 21 3 025
100%
1 Jannik Sinner Italie 23 11 830
100%
7 Novak Djokovic Serbie 37 3 910
100%
11 Stefanos Tsitsipas Grèce 26 3 165
100%
20 Arthur Fils France 20 2 355
97%
5 Daniil Medvedev Russie 28 5 030
97%
8 Andrey Rublev Russie 27 3 760
91%
10 Grigor Dimitrov Bulgarie 33 3 350
91%
9 Alex de Minaur Australie 25 3 745
84%
17 Lorenzo Musetti Italie 22 2 600
84%
4 Taylor Fritz États-Unis 27 5 100
84%
14 Ugo Humbert France 26 2 765
84%
18 Frances Tiafoe États-Unis 26 2 585
75%
16 Hubert Hurkacz Pologne 27 2 640
75%
15 Jack Draper Royaume-Uni 23 2 685
69%
12 Tommy Paul États-Unis 27 3 145
66%
19 Karen Khachanov Russie 28 2 410
63%
Aucun quiz correspondant
Distribution des résultats
% des personnes avec chaque résultat
Percentile par nombre de réponses
Votre historique - résultats
Vous n’avez pas pris ce quiz